[Event "World Blitz 2025"]
[Site "Doha QAT"]
[Date "2025.12.29"]
[Round "9.26"]
[White "Oro, Faustino"]
[Black "Salem, A.R. Saleh"]
[Result "1-0"]
[WhiteTitle "IM"]
[BlackTitle "GM"]
[WhiteElo "2503"]
[BlackElo "2635"]
[WhiteFideId "20000197"]
[BlackFideId "9301348"]
[EventDate "2025.12.29"]

1. d4 Nf6 2. Nf3 g6 3. Nbd2 d5 4. e3 Bg7 5. b4 a5 6. b5 c5 7. bxc6 Nxc6 8. Be2
O-O 9. O-O Bf5 10. c3 Qc7 11. Ba3 Rfe8 12. c4 e5 13. dxe5 Nxe5 14. Rc1 Nd3 15.
Rc3 Nb4 16. Qb3 Ng4 17. h3 d4 18. exd4 Rxe2 19. hxg4 Bxg4 20. Bxb4 axb4 21. Qxb4
Rxa2 22. Rd3 Bf5 23. Rb3 Bh6 24. Nb1 Bxb1 25. Rbxb1 Be3 26. Qxb7 Bxf2+ 27. Kh1
Qg3 28. Qc8+ Kg7 29. Rb8 Kh6 30. Qf8+ Kh5 31. Qxf7 1-0

[Event "World Blitz 2025"]
[Site "Doha QAT"]
[Date "2025.12.29"]
[Round "9.27"]
[White "Gavrilescu, David"]
[Black "Robson, Ray"]
[Result "0-1"]
[WhiteTitle "GM"]
[BlackTitle "GM"]
[WhiteElo "2542"]
[BlackElo "2650"]
[WhiteFideId "1227190"]
[BlackFideId "2023970"]
[EventDate "2025.12.29"]

1. e4 e5 2. Nf3 Nc6 3. Nc3 Nf6 4. Nd5 Be7 5. Bd3 O-O 6. c3 d6 7. Bc2 Bg4 8. h3
Bh5 9. Nxf6+ Bxf6 10. g4 Bg6 11. h4 d5 12. Qe2 h5 13. g5 dxe4 14. Bxe4 Bxe4 15.
Qxe4 Be7 16. d3 Qd7 17. Be3 Rad8 18. O-O-O Qe6 19. Kb1 Rd5 20. d4 exd4 21. Qxe6
fxe6 22. Nxd4 Nxd4 23. Rxd4 c6 24. Kc2 a6 25. Rhd1 Rf3 26. Re4 Kf7 27. Bd4 c5
28. g6+ Kxg6 29. Rg1+ Kf5 30. Re3 Rxf2+ 0-1

[Event "World Blitz 2025"]
[Site "Doha QAT"]
[Date "2025.12.29"]
[Round "9.28"]
[White "Daneshvar, Bardiya"]
[Black "Harikrishna, Pentala"]
[Result "0-1"]
[WhiteTitle "GM"]
[BlackTitle "GM"]
[WhiteElo "2600"]
[BlackElo "2693"]
[WhiteFideId "12576468"]
[BlackFideId "5007003"]
[EventDate "2025.12.29"]

1. Nf3 d5 2. g3 Nf6 3. Bg2 e6 4. O-O Be7 5. b3 O-O 6. Bb2 b6 7. c4 Bb7 8. cxd5
Nxd5 9. d4 c5 10. Nbd2 Nf6 11. dxc5 bxc5 12. Nc4 Nbd7 13. Qc2 Be4 14. Qd2 Nb6
15. Rfc1 Nxc4 16. Rxc4 Qxd2 17. Nxd2 Bxg2 18. Kxg2 Rfd8 19. Rc2 Nd5 20. Nc4 a5
21. Re1 Nb4 22. Rcc1 Nxa2 23. Ra1 Nb4 24. Rxa5 Rab8 25. Rc1 Nd5 26. Ba3 Ra8 27.
Bxc5 Rxa5 28. Bxe7 Rc8 29. Nxa5 Rxc1 30. Bd6 Nc3 31. e3 Ne4 32. Be5 Rc2 33. Kf3
f5 0-1

[Event "World Blitz 2025"]
[Site "Doha QAT"]
[Date "2025.12.29"]
[Round "9.29"]
[White "Dau Khuong Duy"]
[Black "Moussard, Jules"]
[Result "0-1"]
[WhiteTitle "IM"]
[BlackTitle "GM"]
[WhiteElo "2489"]
[BlackElo "2600"]
[WhiteFideId "12424722"]
[BlackFideId "642908"]
[EventDate "2025.12.29"]

1. e4 d6 2. d4 Nf6 3. Nc3 e5 4. Nge2 c6 5. a4 Nbd7 6. h3 h5 7. g3 Be7 8. Bg2 O-O
9. O-O Re8 10. Be3 b6 11. Kh2 Ba6 12. Re1 Bf8 13. f4 Bb7 14. Bf2 Qc7 15. Qd2
Rad8 16. Rad1 a6 17. fxe5 dxe5 18. Qg5 b5 19. axb5 axb5 20. b3 Be7 21. Qc1 Bb4
22. Rf1 h4 23. Na2 Bd6 24. d5 cxd5 25. exd5 e4 26. Qg5 Re5 27. Qc1 e3 28. Bxe3
Rde8 29. Rd3 hxg3+ 30. Kg1 Bxd5 31. Nf4 Be4 32. Bxe4 Rxe4 33. Ng2 Nc5 34. Rd4
Qd7 35. Nc3 Qxh3 36. Rf3 Qh2+ 37. Kf1 Rxe3 0-1

[Event "World Blitz 2025"]
[Site "Doha QAT"]
[Date "2025.12.29"]
[Round "9.30"]
[White "Tran, Thanh Tu"]
[Black "Lazavik, Denis"]
[Result "0-1"]
[WhiteTitle "IM"]
[BlackTitle "GM"]
[WhiteElo "2402"]
[BlackElo "2605"]
[WhiteFideId "12401404"]
[BlackFideId "13515110"]
[EventDate "2025.12.29"]

1. d4 d5 2. Nc3 Nf6 3. Bf4 a6 4. e3 e6 5. h4 c5 6. g4 Qa5 7. Bg2 Nc6 8. g5 cxd4
9. exd4 Ne4 10. Bxe4 dxe4 11. a3 Be7 12. b4 Qd8 13. d5 exd5 14. Qxd5 O-O 15.
Nge2 Bg4 16. O-O-O Qxd5 17. Rxd5 a5 18. b5 Bxa3+ 19. Kb1 Ne7 20. Rd4 Nf5 21. Rc4
Rac8 22. Rc7 Rxc7 23. Bxc7 Bb4 24. Kb2 Bf3 25. Rh3 Ne7 26. b6 Rc8 27. h5 Bxe2
28. Nxe2 Nd5 29. Be5 Nxb6 30. Bd4 Nc4+ 31. Kb3 b5 32. h6 Bf8 33. hxg7 Bxg7 34.
Bf6 Nd2+ 35. Kb2 Nf3 36. Bxg7 Kxg7 37. Rg3 Rc5 38. Nc3 Rxg5 39. Rxg5+ Nxg5 40.
Nxb5 h5 41. Nd4 Kf6 42. c4 h4 43. Ne2 Ke5 44. Kc3 f5 0-1

[Event "World Blitz 2025"]
[Site "Doha QAT"]
[Date "2025.12.29"]
[Round "9.31"]
[White "Mamedov, Rauf"]
[Black "Pranesh, M"]
[Result "0-1"]
[WhiteTitle "GM"]
[BlackTitle "GM"]
[WhiteElo "2645"]
[BlackElo "2627"]
[WhiteFideId "13401653"]
[BlackFideId "35028600"]
[EventDate "2025.12.29"]

1. e4 e5 2. Nf3 Nc6 3. Bb5 g6 4. d4 exd4 5. Bxc6 dxc6 6. Qxd4 Qxd4 7. Nxd4 Bg7
8. Nb3 f5 9. Nc3 fxe4 10. Bf4 Nf6 11. Bxc7 O-O 12. Be5 Re8 13. Bd4 b6 14. h3 c5
15. Be3 Nd7 16. O-O-O Ne5 17. Nd5 Rb8 18. Nd2 Bb7 19. Nc3 Re6 20. Rhe1 Rbe8 21.
Nb5 Rf8 22. Nc3 Rfe8 23. Bf4 Rf8 24. Bg3 Bh6 25. Kb1 e3 26. fxe3 Bxg2 27. Nb5
Nf3 28. Nxf3 Bxf3 29. Rd6 Rxe3 30. Rxe3 Bxe3 31. Nxa7 c4 32. a4 Bg2 33. h4 Bc5
34. Rd7 Rf1+ 35. Ka2 Be4 36. Rd2 Rc1 37. Bf4 Rxc2 38. Rd8+ Kf7 39. Nb5 Rf2 40.
Bd2 Bc2 41. Nd6+ Ke6 42. Nxc4 Bxa4 43. Be3 Bxe3 44. Nxe3 Rf4 45. Rb8 b5 46. h5
gxh5 47. b3 Rf2+ 48. Kb1 Bxb3 49. Rxb5 Ba4 50. Rxh5 Be8 51. Rh4 Re2 52. Nc2 Bg6
53. Ka1 Rxc2 54. Rb4 Bf7 55. Rb6+ Ke7 56. Rb7+ Kf8 57. Rb8+ Kg7 58. Rb4 Rc6 59.
Rb6 Rg6 0-1

[Event "World Blitz 2025"]
[Site "Doha QAT"]
[Date "2025.12.29"]
[Round "9.32"]
[White "Makarian, Rudik"]
[Black "Bjerre, Jonas Buhl"]
[Result "1-0"]
[WhiteTitle "GM"]
[BlackTitle "GM"]
[WhiteElo "2524"]
[BlackElo "2623"]
[WhiteFideId "44105681"]
[BlackFideId "1444948"]
[EventDate "2025.12.29"]

1. d4 Nf6 2. c4 e6 3. Nf3 Bb4+ 4. Bd2 Qe7 5. g3 Bxd2+ 6. Qxd2 Nc6 7. Bg2 Ne4 8.
Qc2 Qb4+ 9. Kf1 d5 10. e3 Qxc4+ 11. Qxc4 dxc4 12. Nbd2 Nxd2+ 13. Nxd2 e5 14.
Bxc6+ bxc6 15. dxe5 Ba6 16. Kg2 Rd8 17. Ne4 Rd5 18. f4 Ke7 19. Rhc1 Rb8 20. b3
cxb3 21. axb3 Bd3 22. Nc5 a6 23. Kf3 Rb5 24. Nxa6 Rxb3 25. Nc5 Rb2 26. Nxd3 Rxd3
27. Rxc6 Kd7 28. Rac1 Rb7 29. g4 Kd8 30. R6c3 Rxc3 31. Rxc3 Rb2 32. h4 g6 33. f5
Kd7 34. Kf4 h6 35. e6+ fxe6 36. fxg6 Rf2+ 37. Ke5 c6 38. g7 1-0

[Event "World Blitz 2025"]
[Site "Doha QAT"]
[Date "2025.12.29"]
[Round "9.33"]
[White "Keymer, Vincent"]
[Black "Gokerkan, Cem Kaan"]
[Result "1-0"]
[WhiteTitle "GM"]
[BlackTitle "GM"]
[WhiteElo "2776"]
[BlackElo "2510"]
[WhiteFideId "12940690"]
[BlackFideId "6336760"]
[EventDate "2025.12.29"]

1. Nf3 d5 2. d4 Nf6 3. e3 e6 4. Nbd2 b6 5. Bb5+ c6 6. Bd3 Bb7 7. e4 dxe4 8. Nxe4
Nxe4 9. Bxe4 Nd7 10. O-O Be7 11. Qe2 O-O 12. Rd1 Nf6 13. Bd3 Qc7 14. Ne5 Rad8
15. Bf4 Qc8 16. Bc4 Nd5 17. Bg3 c5 18. c3 Bf6 19. h4 cxd4 20. Rxd4 Nc7 21. Rxd8
Rxd8 22. h5 Bd5 23. Bd3 h6 24. Re1 Bb7 25. Bb1 Bg5 26. Qc2 f5 27. Ng6 Be4 28.
Rxe4 fxe4 29. Qxe4 Ne8 30. f4 Rd1+ 31. Kh2 Bf6 32. Bc2 Rd2 33. Bb3 Nc7 34. f5
Kh7 35. fxe6 Ne8 36. Ne7+ 1-0

[Event "World Blitz 2025"]
[Site "Doha QAT"]
[Date "2025.12.29"]
[Round "9.34"]
[White "Sargsyan, Shant"]
[Black "Movahed, Sina"]
[Result "0-1"]
[WhiteTitle "GM"]
[BlackTitle "GM"]
[WhiteElo "2665"]
[BlackElo "2596"]
[WhiteFideId "13306766"]
[BlackFideId "42520835"]
[EventDate "2025.12.29"]

1. e4 c5 2. Nf3 d6 3. Bb5+ Nd7 4. c3 a6 5. Ba4 Nf6 6. Bc2 b5 7. O-O Bb7 8. Re1
e6 9. d4 Be7 10. Nbd2 cxd4 11. cxd4 O-O 12. Nf1 a5 13. Ng3 Re8 14. Bd2 Qb6 15.
Bd3 b4 16. a3 bxa3 17. bxa3 Ba6 18. Qe2 Bxd3 19. Qxd3 Rec8 20. a4 h6 21. Reb1
Qd8 22. Rb5 d5 23. e5 Ne8 24. Nh5 Rc4 25. g3 Nb8 26. Rc1 Rxa4 27. Rb7 Rc4 28.
Rcb1 Nc6 29. h4 a4 30. Bxh6 a3 31. Ng5 Bxg5 32. Bxg5 Qc8 33. Qf3 Nc7 34. Nf6+
gxf6 35. Bxf6 Kf8 36. Qg4 Ne7 37. Qg5 Nf5 38. g4 a2 39. gxf5 axb1=Q+ 40. Rxb1
exf5 41. Qg7+ Ke8 42. Rb6 Ne6 43. Qg8+ Nf8 44. Bg7 Ke7 45. Bf6+ Ke8 46. Bg7 Ke7
47. Bf6+ Ke8 48. Bg7 Ke7 49. Bxf8+ Qxf8 50. Rb7+ Ke6 51. Qg5 f6 52. Rb6+ Kd7 53.
Rxf6 Qg8 54. Rg6 Qf8 55. Rg7+ Kc6 56. Qg6+ Kb5 57. Rb7+ Ka4 58. Qb6 Qb4 59. Ra7+
Rxa7 60. Qxa7+ Kb3 61. Qa1 Qd2 62. Qb1+ Qb2 63. Qxf5 Qxd4 64. h5 Qg4+ 65. Qxg4
Rxg4+ 0-1

[Event "World Blitz 2025"]
[Site "Doha QAT"]
[Date "2025.12.29"]
[Round "9.35"]
[White "Hakobyan, Aram"]
[Black "Khubukshanov, Erdem"]
[Result "1-0"]
[WhiteTitle "GM"]
[BlackTitle "IM"]
[WhiteElo "2613"]
[BlackElo "2502"]
[WhiteFideId "13306677"]
[BlackFideId "54114527"]
[EventDate "2025.12.29"]

1. d4 Nf6 2. c4 g6 3. Nc3 d5 4. Nf3 Bg7 5. cxd5 Nxd5 6. e4 Nxc3 7. bxc3 c5 8.
Bb5+ Nc6 9. Rb1 cxd4 10. cxd4 O-O 11. d5 Na5 12. O-O a6 13. Be2 b5 14. a4 bxa4
15. Qxa4 Bd7 16. Qa3 Bb5 17. Bxb5 axb5 18. Rxb5 Nc4 19. Qd3 Qc7 20. Bg5 Rfc8 21.
g3 Qd7 22. Rb3 h6 23. Bc1 Ra1 24. Rb1 Ra2 25. Qb3 Re2 26. Qd3 Ra2 27. Kg2 g5 28.
h3 Qa7 29. Rb4 Qa6 30. Nd4 Nd6 31. Qxa6 Rxa6 32. Nc6 Re8 33. Be3 e6 34. Bc5 Bf8
35. Rfb1 Nxe4 36. Bxf8 exd5 37. Nb8 Rf6 38. Nd7 Rxf2+ 39. Kg1 Rf3 40. Rb8 Rxb8
41. Rxb8 Kh7 42. Bb4 Rxg3+ 1-0

[Event "World Blitz 2025"]
[Site "Doha QAT"]
[Date "2025.12.29"]
[Round "9.36"]
[White "Kevlishvili, Robby"]
[Black "Goutham Krishna H"]
[Result "0-1"]
[WhiteTitle "GM"]
[BlackTitle "IM"]
[WhiteElo "2527"]
[BlackElo "2433"]
[WhiteFideId "1040634"]
[BlackFideId "25983504"]
[EventDate "2025.12.29"]

1. e4 b6 2. d4 Bb7 3. Bd3 e6 4. Nf3 d5 5. e5 c5 6. c3 Ne7 7. O-O Nec6 8. Be3 Ba6
9. Re1 Be7 10. a3 Bxd3 11. Qxd3 Nd7 12. Nbd2 Qc7 13. Nf1 c4 14. Qc2 O-O-O 15.
Ng3 f6 16. exf6 gxf6 17. Bd2 Nf8 18. Bh6 Re8 19. Re2 Bd6 20. Rae1 Qd7 21. Nh5
Qf7 22. Nf4 Bxf4 23. Bxf4 Ng6 24. Bg3 Qd7 25. h4 Rhg8 26. Qa4 Kb7 27. Qd1 h5 28.
Re3 Nd8 29. Nd2 f5 30. Bh2 Nxh4 31. Rg3 f4 32. Rxg8 Rxg8 33. Qxh5 Nxg2 34. Rd1 0-1

[Event "World Blitz 2025"]
[Site "Doha QAT"]
[Date "2025.12.29"]
[Round "9.37"]
[White "Hovhannisyan, Robert"]
[Black "Wafa, Hamed"]
[Result "1-0"]
[WhiteTitle "GM"]
[BlackTitle "IM"]
[WhiteElo "2621"]
[BlackElo "2373"]
[WhiteFideId "13302507"]
[BlackFideId "10628452"]
[EventDate "2025.12.29"]

1. e4 e5 2. Nf3 Nc6 3. Bb5 Nf6 4. O-O Nxe4 5. d4 Nd6 6. Bxc6 dxc6 7. dxe5 Nf5 8.
Qxd8+ Kxd8 9. Rd1+ Ke8 10. Nc3 Ne7 11. h3 Ng6 12. Re1 Be7 13. Ne4 Be6 14. Nd4
Bd7 15. Nf6+ Kd8 16. Nxd7 Kxd7 17. Nf5 Rhg8 18. Be3 Rae8 19. Rad1+ Kc8 20. f4
Bd8 21. Kf2 h5 22. Kf3 h4 23. Bf2 b6 24. b3 Re6 25. Nd4 Ree8 26. Nxc6 Kb7 27.
Nxd8+ Rxd8 28. Rxd8 Rxd8 29. f5 Nf8 30. Bxh4 Re8 31. g4 Kc6 32. c4 Kc5 33. Re2
Kb4 34. Bg3 Ka3 35. h4 a5 36. h5 Nd7 37. e6 fxe6 38. Rxe6 Rg8 39. Bxc7 Kxa2 40.
Bxb6 Kxb3 41. Bxa5 Kxc4 42. Bc7 Nf6 43. Be5 Nd5 44. Rc6+ Kb5 45. Rg6 Re8 46.
Bxg7 Re3+ 47. Kf2 Rh3 48. f6 Nf4 1-0

[Event "World Blitz 2025"]
[Site "Doha QAT"]
[Date "2025.12.29"]
[Round "9.38"]
[White "Smirnov, Mark"]
[Black "Niemann, Hans Moke"]
[Result "0-1"]
[WhiteTitle "FM"]
[BlackTitle "GM"]
[WhiteElo "2420"]
[BlackElo "2725"]
[WhiteFideId "13764594"]
[BlackFideId "2093596"]
[EventDate "2025.12.29"]

1. Nf3 Nf6 2. b3 d5 3. Bb2 Bf5 4. Nh4 Bd7 5. g3 c5 6. Bg2 Bc6 7. O-O e6 8. d3
Be7 9. c4 d4 10. Nd2 Nd5 11. Nhf3 O-O 12. Ne5 Qc7 13. Rc1 0-1

[Event "World Blitz 2025"]
[Site "Doha QAT"]
[Date "2025.12.29"]
[Round "9.39"]
[White "Nepomniachtchi, Ian"]
[Black "Kozak, Adam"]
[Result "1-0"]
[WhiteTitle "GM"]
[BlackTitle "GM"]
[WhiteElo "2723"]
[BlackElo "2546"]
[WhiteFideId "4168119"]
[BlackFideId "753246"]
[EventDate "2025.12.29"]

1. e4 e5 2. d4 exd4 3. Qxd4 Nc6 4. Qe3 Nf6 5. Nc3 Bb4 6. Bd2 O-O 7. O-O-O Re8 8.
Bc4 d6 9. Nf3 Be6 10. Bxe6 Rxe6 11. Ng5 Re8 12. a3 Bc5 13. Qg3 h6 14. h4 Nd4 15.
Kb1 Qe7 16. Be3 Ne6 17. Nxe6 Qxe6 18. Bxc5 dxc5 19. f3 Rac8 20. Qf4 Qe5 21. Qe3
b5 22. Nxb5 Rb8 23. Nc3 Rb6 24. f4 Qe7 25. e5 Reb8 26. Na4 Rb5 27. Qf3 Nd7 28.
Qc6 Nf8 29. g3 c4 30. Ka2 Ne6 31. Qxc4 Nc5 32. Nxc5 Rxc5 33. Qd3 Qe6+ 34. Ka1 h5
35. Rd2 Rcb5 36. Rb1 Qc6 37. b3 a5 38. Ka2 Qe6 39. a4 Rb4 40. Qd5 Qe8 41. Rd4
R4b6 42. Rbd1 c5 43. Rc4 Qc8 44. Qxc5 Qe6 45. Rd6 Rxd6 46. Qxd6 Qe8 47. Qc5 Rd8
48. Qxa5 Ra8 49. Qb6 Qd7 50. Qc6 Qd8 51. e6 1-0

[Event "World Blitz 2025"]
[Site "Doha QAT"]
[Date "2025.12.29"]
[Round "9.40"]
[White "Kosakowski, Jakub"]
[Black "Giri, Anish"]
[Result "1/2-1/2"]
[WhiteTitle "GM"]
[BlackTitle "GM"]
[WhiteElo "2549"]
[BlackElo "2760"]
[WhiteFideId "1185080"]
[BlackFideId "24116068"]
[EventDate "2025.12.29"]

1. e4 c5 2. Nf3 d6 3. d4 cxd4 4. Nxd4 Nf6 5. Nc3 a6 6. Bc4 e6 7. Be3 Qc7 8. Bb3
Nbd7 9. Qe2 Nc5 10. f3 b5 11. a3 Rb8 12. Ba2 Be7 13. Qd2 O-O 14. g4 Nfd7 15. b4
Ne5 16. f4 Nxg4 17. bxc5 dxc5 18. Nf3 Rd8 19. Qe2 b4 20. Nd1 Bb7 21. Nf2 Nxf2
22. Kxf2 Bxe4 23. Rhg1 bxa3 24. Bb3 c4 25. Qxc4 Qxc4 26. Bxc4 Rdc8 27. Nd2 Bxc2
28. Bxa6 Rc6 29. Rgc1 Rb2 30. Nc4 Rb3 31. Rxc2 Rxa6 32. Nxa3 h6 33. Rc8+ Kh7 34.
Nc2 Rxa1 35. Nxa1 Rb2+ 36. Nc2 Kg6 37. Kf3 Bf6 38. h3 Ra2 39. Rc7 Ra4 40. Ne1
Ra3 41. Ng2 Rb3 42. Rc2 Kh5 43. Rc5+ Kg6 44. f5+ exf5 45. Nf4+ Kh7 46. Rxf5 Bd4
47. Ng2 Kg8 48. Rd5 Bb6 49. h4 g6 50. Ke4 Rb4+ 51. Kf3 Bxe3 52. Kxe3 Kg7 53. Kf3
Rb3+ 54. Ne3 Rb4 55. Kg3 Re4 56. Ng4 Ra4 57. Rd7 Ra3+ 58. Kg2 Ra2+ 59. Kf3 Ra3+
60. Ne3 Ra4 61. h5 gxh5 62. Rd5 Kg6 63. Rd6+ f6 64. Nd5 Ra3+ 65. Kf2 Ra2+ 66.
Ke3 Ra3+ 67. Kd4 Ra4+ 68. Kd3 Ra3+ 69. Ke4 Ra4+ 70. Kf3 Ra3+ 71. Kf4 Ra4+ 72.
Kf3 1/2-1/2

[Event "World Blitz 2025"]
[Site "Doha QAT"]
[Date "2025.12.29"]
[Round "9.41"]
[White "Le, Quang Liem"]
[Black "Madaminov, Mukhiddin"]
[Result "1-0"]
[WhiteTitle "GM"]
[BlackTitle "GM"]
[WhiteElo "2731"]
[BlackElo "2552"]
[WhiteFideId "12401137"]
[BlackFideId "14210703"]
[EventDate "2025.12.29"]

1. d4 d5 2. c4 e6 3. Nf3 Nf6 4. g3 Be7 5. Bg2 O-O 6. O-O dxc4 7. Qc2 a6 8. a4
Bd7 9. Qxc4 Bc6 10. Bg5 Nbd7 11. Nc3 h6 12. Bf4 Nb6 13. Qb3 Nbd5 14. Bd2 Nxc3
15. bxc3 Bd5 16. c4 Be4 17. Rfd1 c5 18. Bf4 cxd4 19. Nxd4 Qc8 20. Rac1 Bxg2 21.
Kxg2 Nd7 22. Qf3 Re8 23. c5 Nxc5 24. Nb3 a5 25. Rc4 b6 26. Nxc5 Bxc5 27. Be3 Qa6
28. Rg4 Bxe3 29. Rd7 Rf8 30. Qxe3 Kh8 31. Qd4 e5 32. Qxe5 f6 33. Qe7 Rg8 34.
Rxg7 1-0

[Event "World Blitz 2025"]
[Site "Doha QAT"]
[Date "2025.12.29"]
[Round "9.42"]
[White "Svane, Rasmus"]
[Black "Gurel, Ediz"]
[Result "1/2-1/2"]
[WhiteTitle "GM"]
[BlackTitle "GM"]
[WhiteElo "2608"]
[BlackElo "2645"]
[WhiteFideId "4657101"]
[BlackFideId "44507356"]
[EventDate "2025.12.29"]

1. Nf3 Nf6 2. g3 b6 3. Bg2 Bb7 4. O-O e6 5. c4 Be7 6. d4 O-O 7. Re1 c5 8. d5
exd5 9. Nh4 Ne4 10. cxd5 Bxh4 11. Bxe4 Bf6 12. Qc2 h6 13. Nc3 d6 14. Bf4 a6 15.
a4 Qe7 16. Bg2 Nd7 17. Rad1 Rfe8 18. Ne4 Be5 19. Bxe5 Nxe5 20. Qb3 Qc7 21. h3
Bc8 22. Nc3 Bd7 23. f4 Ng6 24. e4 Rab8 25. Qc2 b5 26. axb5 axb5 27. e5 b4 28.
exd6 Qa7 29. Ne4 Rbc8 30. Qf2 Bf5 31. g4 Bxe4 32. Bxe4 Nf8 33. Bf5 Rxe1+ 34.
Rxe1 Rd8 35. Rc1 g6 36. Be4 Rxd6 37. Qxc5 Qa6 38. Qxb4 Rb6 39. Qd4 Nd7 40. Kf2
Qb7 41. Rc2 Qb8 42. Bf3 Rb4 43. Rc8+ Qxc8 44. Qxb4 Qc2+ 45. Kg3 Qd3 46. Qd6 Nf8
47. Qe7 Qd4 48. b4 Qg1+ 49. Bg2 Qd4 50. Qc5 Qd3+ 51. Bf3 Nd7 52. Qc8+ Nf8 53.
Qd8 Qd4 54. Qe7 Qg1+ 55. Bg2 Qd4 56. Qc5 Qd2 57. b5 Nd7 58. Qe7 Qd3+ 59. Kh2
Qxb5 60. d6 Qa4 61. Kg3 Qb3+ 62. Bf3 Qb5 63. h4 Nc5 64. Qe5 Qc4 65. Qe8+ Kg7 66.
d7 Ne6 67. Qd8 1/2-1/2

[Event "World Blitz 2025"]
[Site "Doha QAT"]
[Date "2025.12.29"]
[Round "9.43"]
[White "Ganguly, Surya Shekhar"]
[Black "Pichot, Alan"]
[Result "0-1"]
[WhiteTitle "GM"]
[BlackTitle "GM"]
[WhiteElo "2568"]
[BlackElo "2597"]
[WhiteFideId "5002150"]
[BlackFideId "110973"]
[EventDate "2025.12.29"]

1. Nf3 Nf6 2. c4 e6 3. Nc3 d5 4. e3 dxc4 5. Bxc4 a6 6. O-O b5 7. Bb3 Bb7 8. Qe2
c5 9. a4 b4 10. Nb1 Nc6 11. d3 Na5 12. Bc2 Be7 13. b3 O-O 14. e4 Nd7 15. Nbd2
Bf6 16. e5 Be7 17. Nc4 Bd5 18. Bf4 Nc6 19. Rfe1 Qc7 20. Bg3 Rad8 21. Bd1 Nb6 22.
Qb2 Bxf3 23. Bxf3 Rxd3 24. Nd6 Nd4 25. Be4 Rxb3 26. Qd2 Rc3 27. Rec1 Nb3 28. Qf4
Rxc1+ 29. Rxc1 Nxc1 30. Qxc1 c4 31. Qb1 g6 32. Qxb4 c3 33. Bc2 Nd5 34. Qe4 Qb6
35. h4 Qb4 36. Qd3 Bxh4 37. Bxh4 Qxh4 38. Qxa6 Nb4 39. Qe2 Nxc2 40. Qxc2 Qd4 41.
Nb5 Qxe5 42. Qxc3 Qxc3 0-1

[Event "World Blitz 2025"]
[Site "Doha QAT"]
[Date "2025.12.29"]
[Round "9.44"]
[White "Rapport, Richard"]
[Black "Lobanov, Sergei"]
[Result "1-0"]
[WhiteTitle "GM"]
[BlackTitle "GM"]
[WhiteElo "2741"]
[BlackElo "2527"]
[WhiteFideId "738590"]
[BlackFideId "24183750"]
[EventDate "2025.12.29"]

1. e4 e5 2. Nf3 Nc6 3. Bc4 Bc5 4. c3 Nf6 5. d3 d6 6. h3 a5 7. O-O O-O 8. Re1 Be6
9. Bb5 Ba7 10. d4 Bd7 11. Ba4 Re8 12. Bc2 h6 13. a4 exd4 14. cxd4 Nb4 15. Nc3
Nxc2 16. Qxc2 Qc8 17. Bf4 Be6 18. Re3 Qd7 19. Rae1 c6 20. Bg3 Nh5 21. Bh2 Nf6
22. Qd1 Rad8 23. Qd2 d5 24. e5 Ne4 25. Nxe4 dxe4 26. Rxe4 Bd5 27. e6 Rxe6 28.
Rxe6 Bxe6 29. Qxa5 Bxd4 30. Nxd4 Qxd4 31. Be5 Qd5 32. Qb6 c5 33. Bc3 c4 34. Re5
Qd7 35. a5 Rc8 36. Re3 Qc6 37. Rg3 Qxb6 38. Rxg7+ Kf8 39. axb6 Rc6 40. Rh7 Rxb6
41. Rxh6 Rb3 42. Bf6 Ke8 43. Rh8+ Kd7 44. h4 b5 45. h5 Bf5 46. Rb8 Ke6 47. Rb6+
Kd5 48. f3 Kc5 49. Rb8 Rd3 50. g4 Rxf3 51. gxf5 Rxf5 52. Be7+ Kd4 53. h6 Rh5 54.
Bf6+ Kd3 55. Bg7 Kc2 56. Kg2 Kb3 57. Kg3 f5 58. Rxb5+ 1-0

[Event "World Blitz 2025"]
[Site "Doha QAT"]
[Date "2025.12.29"]
[Round "9.45"]
[White "Amar, Elham"]
[Black "Xiao, Tong(QD)"]
[Result "1/2-1/2"]
[WhiteTitle "GM"]
[BlackTitle "GM"]
[WhiteElo "2592"]
[BlackElo "2555"]
[WhiteFideId "1533533"]
[BlackFideId "8622388"]
[EventDate "2025.12.29"]

1. e4 e6 2. d4 d5 3. Nc3 dxe4 4. Nxe4 Nd7 5. Nf3 Ngf6 6. Nxf6+ Nxf6 7. Be3 Bd7
8. Bd3 Nd5 9. Bd2 c5 10. dxc5 Bxc5 11. O-O Qc7 12. Qe2 O-O 13. Ne5 Bc6 14. c4
Nf6 15. Bc3 Rad8 16. Rad1 Be7 17. Nxc6 Qxc6 18. Bc2 h6 19. h3 a6 20. a3 Rc8 21.
b3 Rfd8 22. a4 b5 23. axb5 axb5 24. Bxf6 Bxf6 25. Be4 Qb6 26. cxb5 Bd4 27. Bc6
Rd6 28. Kh1 Rcd8 29. b4 g6 30. Rd3 Qc7 31. Rfd1 Bb6 32. Kg1 Rxd3 33. Rxd3 Rxd3
34. Qxd3 Qf4 35. Qf3 Qxb4 36. g3 Qb1+ 37. Kg2 Qf5 38. Qxf5 gxf5 39. f4 Kg7 40.
Kf3 Kf6 41. g4 fxg4+ 42. Kxg4 Be3 43. Be4 Bb6 44. Kh5 Kg7 45. f5 exf5 46. Bxf5
Kf6 47. Bd3 Kg7 48. Bc4 Ba7 49. Kg4 Kf6 50. Kf3 Ke5 51. Bxf7 Bb6 52. Be8 Ba7 53.
Kg4 Kf6 54. Bc6 Bb6 55. Be4 Ba7 56. Bc2 Bb6 57. Kf4 Ba7 58. Ke4 Ke6 59. Bb3+ Kd6
60. Bc4 Bg1 61. Kf5 Kc5 62. Be2 Be3 63. Kg6 Kb6 1/2-1/2

[Event "World Blitz 2025"]
[Site "Doha QAT"]
[Date "2025.12.29"]
[Round "9.46"]
[White "Gaehwiler, Gabriel"]
[Black "Stefansson, Vignir Vatnar"]
[Result "0-1"]
[WhiteTitle "IM"]
[BlackTitle "GM"]
[WhiteElo "2382"]
[BlackElo "2519"]
[WhiteFideId "1314530"]
[BlackFideId "2308649"]
[EventDate "2025.12.29"]

1. d4 d5 2. Nf3 e6 3. Bf4 Bd6 4. Bg3 Ne7 5. e3 c5 6. c3 Nbc6 7. Bd3 O-O 8. Nbd2
cxd4 9. cxd4 b6 10. O-O Bxg3 11. hxg3 Bb7 12. a3 Rc8 13. Rc1 Qd6 14. Ng5 h6 15.
Nh3 e5 16. dxe5 Nxe5 17. Nf3 Rxc1 18. Qxc1 Nxd3 19. Qc2 Ne5 20. Nd4 Rc8 21. Qa4
a6 22. Rd1 b5 23. Qb3 Rc4 24. Nf4 g6 25. Nfe2 N7c6 26. Nf4 Nxd4 27. exd4 Ng4 28.
Qf3 Nf6 29. Re1 Rc8 30. Nd3 Ne4 31. Ne5 Qf6 32. Qe3 Kg7 33. f3 Nxg3 34. Ng4 Qg5
35. Qxg5 hxg5 36. Re7 Bc6 37. Ne5 Be8 38. Ra7 Nf5 39. Rxa6 Nxd4 40. Rd6 Nc6 41.
Nd3 Rd8 0-1

[Event "World Blitz 2025"]
[Site "Doha QAT"]
[Date "2025.12.29"]
[Round "9.47"]
[White "Matlakov, Maxim"]
[Black "Drygalov, Sergey"]
[Result "1-0"]
[WhiteTitle "GM"]
[BlackTitle "GM"]
[WhiteElo "2606"]
[BlackElo "2571"]
[WhiteFideId "4168003"]
[BlackFideId "24171743"]
[EventDate "2025.12.29"]

1. d4 Nf6 2. c4 e6 3. Nf3 d5 4. g3 Bb4+ 5. Bd2 Be7 6. Bg2 O-O 7. O-O c6 8. Qc2
Nbd7 9. b3 b6 10. Nc3 Ba6 11. e4 dxc4 12. Rfe1 Rc8 13. h4 h6 14. Nd1 e5 15. bxc4
Ng4 16. Qa4 Nb8 17. Ne3 b5 18. Qc2 Nxe3 19. Bxe3 exd4 20. Nxd4 Bf6 21. Rad1 Qa5
22. Nf5 Rcd8 23. Bc5 Rfe8 24. Nd6 Re5 25. cxb5 cxb5 26. Bxa7 Rxd6 27. Bxb8 Rxd1
28. Rxd1 Re8 29. Bd6 Qa4 30. Qxa4 bxa4 31. e5 Bxe5 32. Re1 f6 33. Bc6 Rc8 34.
Bd5+ Kh8 35. Bxe5 fxe5 36. Rxe5 Rd8 37. f4 a3 38. Kf2 g6 39. Ke3 Rc8 40. Kd4 Rc2
41. Re8+ Kg7 42. Re7+ Kh8 43. Ra7 Bc8 44. Rxa3 Bf5 45. Ke5 h5 46. Kf6 Kh7 47.
Ra7+ Kh6 48. Ra8 Kh7 49. a4 Rc5 50. Ra7+ Kh6 51. Ra8 Kh7 52. Bg8+ Kh6 53. Be6
Kh7 54. Bxf5 Rxf5+ 55. Ke6 Rc5 56. Ra7+ Kh6 57. Rb7 Rc3 58. a5 Ra3 59. Rb5 Rxg3
60. a6 Ra3 61. Rb6 Ra4 62. Ke5 Ra5+ 63. Kd6 Ra4 64. Kc7 Rxf4 65. a7 Ra4 66. Kb7
Rxa7+ 67. Kxa7 Kg7 68. Rb5 1-0